|
|
|
|
| LEADER |
01830nam a2200445 a 4500 |
| 001 |
nkc20061696408 |
| 003 |
CZ PrNK |
| 005 |
20140311132602.0 |
| 007 |
ta |
| 008 |
061107s2006 xr a f 100 0 eng |
| 015 |
|
|
|a cnb001696408
|
| 020 |
|
|
|a 80-86454-78-9
|q (brož.)
|
| 035 |
|
|
|a (OCoLC)85722669
|
| 040 |
|
|
|a ABA001
|b cze
|d BOA001
|
| 072 |
|
7 |
|a 636
|x Chov zvířat. Živočišná výroba
|2 Konspekt
|9 24
|
| 080 |
|
|
|a 636.4
|2 MRF
|
| 080 |
|
|
|a 636.08
|2 MRF
|
| 080 |
|
|
|a 636.082
|2 MRF
|
| 080 |
|
|
|a (062.534)
|2 MRF
|
| 111 |
2 |
|
|a Actual Problems of Pig Breeding (konference)
|d (2006 :
|c Kostelec nad Orlicí, Česko)
|7 mzk2006358169
|
| 245 |
1 |
0 |
|a Actual problems of pig breeding :
|b workshop : proceeding book : Kostelec nad Orlicí, 6th November 2006 /
|c [editor Miroslav Rozkot]
|
| 260 |
|
|
|a [Praha] :
|b Výzkumný ústav živočišné výroby,
|c 2006
|
| 300 |
|
|
|a 24 s. :
|b barev. il. ;
|c 21 cm
|
| 500 |
|
|
|a Nad názvem: Research Institute of Animal Production Prague - Uhříněves, Division of Pig Breeding Kostelec nad Orlicí
|
| 504 |
|
|
|a Obsahuje bibliografie
|
| 650 |
0 |
7 |
|a prasata
|7 ph115875
|2 czenas
|
| 650 |
0 |
7 |
|a chov hospodářských zvířat
|7 ph119201
|2 czenas
|
| 650 |
0 |
7 |
|a rozmnožování hospodářských zvířat
|7 ph125264
|2 czenas
|
| 650 |
0 |
9 |
|a pigs
|2 eczenas
|
| 650 |
0 |
9 |
|a livestock keeping
|2 eczenas
|
| 650 |
0 |
9 |
|a livestock reproduction
|2 eczenas
|
| 655 |
|
7 |
|a sborníky konferencí
|7 fd133333
|2 czenas
|
| 655 |
|
9 |
|a proceedings of conferences
|2 eczenas
|
| 700 |
1 |
|
|a Rozkot, Miroslav
|7 ola2006329929
|4 edt
|
| 710 |
2 |
|
|a Výzkumný ústav živočišné výroby.
|b Oddělení chovu prasat
|7 kn20050202007
|
| 910 |
2 |
|
|a BOA001
|b 2-1172.679
|
| 990 |
|
|
|a BK
|
| 995 |
|
|
|a 01
|
| 991 |
|
|
|b 200612
|c NOV
|
| 996 |
6 |
|
|b 2610294885
|c 2-1172.679
|l MZK
|r Sklad / do 1 hodiny
|n 5
|p p.v.
|w 000833484
|u 000010
|a 1
|e BOA001
|j MZK50
|s P
|